| 000 | 00402nam a22001697a 4500 | ||
|---|---|---|---|
| 003 | MPLRDC | ||
| 005 | 20220104124941.0 | ||
| 008 | 210129b ||||| |||| 00| 0 eng d | ||
| 020 | _a962-277-108-4 | ||
| 082 | _a805.18 LUK | ||
| 100 | _aLOUISE LUK | ||
| 245 |
_a英文阅读与理解 _c |
||
| 260 |
_a _b明天出版社 _c1991 |
||
| 300 | _b平 | ||
| 650 | _a英语读本 | ||
| 942 |
_cBK _o805.18 LUK |
||
| 999 |
_c23450 _d23440 |
||